00548nam a2200181 a 450000100060000000300090000600800410001502000150005604000280007108200170009910000390011624500740015525000060022926000410023530000110027665000430028765000360033019965CO-ViMGA141112s2004 ck r 000 u spa d a8480193662 aCO-ViMGAbspacCO-ViMGA04a371.91 A274a1 aRios Hernández, Mercedes (et al)10aActividad Fisica adaptada : bel juego y los alumnos con discapacidad a2 aBarcelona : bEd. Paidotribo, c2001 a182 p.14aeducación FISICA PARA DISCAPACITADOS14aeducación FISICA PARA NIÑOS